Survivor Contestants Most Days Played - Statistics

General Stats
  • This quiz has been taken 167 times
    31 since last reset
  • The average score is 151 of 236
Answer Stats
Days Played Season (s) Contestant % Correct
108 China, Micronesia, Heroes vs. Villains Amanda Kimmel
100%
143 Panama, Micronesia, Heroes vs. Villains, Game Changers, Survivor 50 Cirie Fields
100%
111 The Australian Outback, All-Stars, Heroes vs. Villains, Survivor 50 Colby Donaldson
100%
95 Africa, All-Stars, Winners at War Ethan Zohn
100%
149 Cook Islands, Micronesia, South Pacific, Game Changers, Survivor 50 Ozzy Lusth
100%
149 Cook Islands, Micronesia, Heroes vs. Villains, Winners at War Parvati Shallow
100%
154 Marquesas, All-Stars, Heroes vs. Villains, Redemption Island, Winners at War Rob Mariano
100%
110 Pearl Islands, Heroes vs. Villains, Game Changers, Winners at War Sandra Diaz-Twine
100%
137 Kaôh Rōng, Game Changers, Edge of Extinction, Survivor 50 Aubry Bracco
96%
112 Tocantins, Heroes vs. Villains, South Pacific, Survivor 50 Coach Wade
96%
98 San Juan del Sur, Cambodia, Winners at War Jeremy Collins
96%
91 Worlds Apart, Cambodia, Edge of Extinction Joe Anglim
96%
52 Survivor 48, Survivor 50 Joe Hunter
96%
39 Samoa Natalie White
96%
50 The Amazon, All-Stars Rob Cesternino
96%
103 Redemption Island, Caramoan, Game Changers Andrea Boehlke
92%
89 The Australian Outback, All-Stars, Heroes vs. Villains Jerri Manthey
92%
78 San Juan del Sur, Winners at War Natalie Anderson
92%
37 Micronesia Natalie Bolton
92%
39 Redemption Island Natalie Tenerelli
92%
104 Pearl Islands, All-Stars, Heroes vs. Villains, Blood vs. Water Rupert Boneham
92%
88 Samoa, Heroes vs. Villains, Redemption Island Russell Hantz
92%
96 Cagayan, Game Changers, Winners at War Sarah Lacina
92%
83 The Australian Outback, All-Stars, Blood vs. Water Tina Wesson
92%
84 Cagayan, Game Changers, Winners at War Tony Vlachos
92%
116 Tocantins, Heroes vs. Villains, Blood vs. Water, Winners at War Tyson Apostol
92%
107 The Australian Outback, All-Stars, Winners at War Amber Mariano
88%
35 Worlds Apart Dan Foley
88%
37 Nicaragua Dan Lembo
88%
36 Island of the Idols Dan Spilo
88%
41 Survivor 45, Survivor 50 Dee Valladares
88%
68 Borneo, All-Stars, Survivor 50 Jenna Lewis-Dougherty
88%
48 The Amazon, All-Stars Jenna Morasca
88%
37 Palau Jenn Lyon
88%
79 Philippines, Caramoan, Game Changers Malcolm Freberg
88%
68 Tocantins, Cambodia Stephen Fishbach
88%
94 Palau, Guatemala, Heroes vs. Villains, Survivor 50 Stephenie LaGrossa Kendrick
88%
39 Vanuatu Chris Daugherty
83%
38 One World Christina Cha
83%
39 Edge of Extinction Chris Underwood
83%
72 Panama, Heroes vs. Villains Danielle DiLorenzo
83%
70 South Pacific, Caramoan John Cochran
83%
49 David vs. Goliath, Survivor 50 Mike White
83%
54 Borneo, All-Stars Richard Hatch
83%
50 Survivor 49, Survivor 50 Rizo Velovic
83%
73 Africa, All-Stars Tom Buchanan
83%
53 Palau, Heroes vs. Villains Tom Westman
83%
37 Cook Islands Adam Gentry
79%
74 Millennials vs. Gen X, Winners at War Adam Klein
79%
49 South Pacific, Caramoan Brandon Hantz
79%
63 China, Heroes vs. Villains Courtney Yates
79%
38 China Denise Martin
79%
75 Philippines, Winners at War Denise Stapley
79%
42 Survivor 45, Survivor 50 Emily Flippen
79%
78 Cook Islands, Micronesia, Philippines Jonathan Penner
79%
35 San Juan del Sur Jon Misch
79%
76 Tocantins, Heroes vs. Villains, Game Changers J.T. Thomas
79%
57 Cagayan, Cambodia Kass McQuillen
79%
50 One World, Blood vs. Water Kat Edorsson
79%
86 San Juan del Sur, Cambodia, Edge of Extinction Kelley Wentworth
79%
63 Borneo, Cambodia Kelly Wiglesworth
79%
39 Africa Kim Johnson
79%
74 One World, Winners at War Kim Spradlin-Wolfe
79%
56 The Australian Outback, Philippines Michael Skupin
79%
78 Kaôh Rōng, Winners at War Michele Fitzgerald
79%
36 Redemption Island Mike Chiesl
79%
39 Worlds Apart Mike Holloway
79%
37 Heroes vs. Healers vs. Hustlers Mike Zahalsky
79%
74 David vs. Goliath, Winners at War Nick Wilson
79%
76 Cagayan, Cambodia Spencer Bledsoe
79%
42 Gabon, Heroes vs. Villains Sugar Kiper
79%
72 Cagayan, Cambodia Tasha Fox
79%
74 Cook Islands, Winners at War Yul Kwon
79%
50 David vs. Goliath, Survivor 50 Angelina Keeley
75%
64 Panama, Blood vs. Water Aras Baskauskas
75%
76 Heroes vs. Healers vs. Hustlers, Winners at War Ben Driebergen
75%
39 Gabon Bob Crowley
75%
63 Nicaragua, Caramoan Brenda Lowe
75%
55 Heroes vs. Healers vs. Hustlers, Survivor 50 Chrissy Hofbeck
75%
53 David vs. Goliath, Survivor 50 Christian Hubicki
75%
74 Guatemala, Winners at War Danni Boatwright
75%
67 South Pacific, Caramoan Dawn Meehan
75%
61 Vanuatu, Micronesia Eliza Orlins
75%
72 Micronesia, Caramoan Erik Reichenbach
75%
76 China, Micronesia, Heroes vs. Villains James Clement
75%
51 Survivor 42, Survivor 50 Jonathan Young
75%
41 The Australian Outback Keith Famie
75%
75 San Juan del Sur, Cambodia Keith Nale
75%
63 Samoa, Blood vs. Water Laura Morett
75%
36 Redemption Island Matt Elrod
75%
53 One World, Blood vs. Water Monica Culpepper
75%
46 Samoa, Cambodia Monica Padilla
75%
67 Redemption Island, Caramoan Phillip Sheppard
75%
74 South Pacific, Winners at War Sophie Clarke
75%
54 Borneo, All-Stars Susan Hawk
75%
43 Survivor 46, Survivor 50 Tiffany Nicole Ervin
75%
71 Philippines, Cambodia Abi-Maria Gomes
71%
42 Pearl Islands, Cambodia Andrew Savage
71%
39 Thailand Brian Heidik
71%
72 Cook Islands, Heroes vs. Villains, Blood vs. Water Candice Cody
71%
66 Blood vs. Water, Cambodia, Game Changers Ciera Eastin
71%
73 Millennials vs. Gen X, Edge of Extinction David Wright
71%
69 Borneo, Blood vs. Water Gervase Peterson
71%
50 The Australian Outback, Cambodia, Game Changers Jeff Varner
71%
41 Pearl Islands, Micronesia Jonny Fairplay
71%
65 Africa, All-Stars Lex van den Berghe
71%
55 Millennials vs. Gen X, Game Changers Michaela Bradshaw
71%
39 Marquesas Neleh Dennis
71%
60 Edge of Extinction, Survivor 50 Rick Devens
71%
44 Borneo, All-Stars Rudy Boesch
71%
77 Kaôh Rōng, Game Changers Tai Trang
71%
51 Panama, Cambodia Terry Deitz
71%
39 Marquesas Vecepia Towery
71%
74 Ghost Island, Winners at War Wendell Holland
71%
56 Cagayan, Cambodia Woo Hwang
71%
62 Millennials vs. Gen X, Game Changers Zeke Smith
71%
54 The Australian Outback, All-Stars Alicia Calaway
67%
37 One World Alicia Rosa
67%
53 Blood vs. Water, Game Changers Brad Culpepper
67%
39 Fiji Earl Cole
67%
66 Marquesas, All-Stars Kathy Vavrick-O'Brien
67%
54 Thailand, All-Stars Shii Ann Huang
67%
69 Worlds Apart, Game Changers Sierra Dawn Thomas
67%
39 China Todd Herzog
67%
39 Island of the Idols Tommy Sheehan
67%
69 One World, Game Changers Troyzan Robertson
67%
46 Fiji, Micronesia Yau-Man Chan
67%
54 Vanuatu, Micronesia Ami Cusack
63%
39 Cook Islands Becky Lee
63%
55 Gabon, Caramoan Corinne Kaplan
63%
39 Ghost Island Domenick Abbate
63%
39 Nicaragua Fabio Birza
63%
37 Gabon Ken Hoang
63%
39 Millennials vs. Gen X Ken McNickle
63%
51 The Australian Outback, Cambodia Kimmi Kappenberg
63%
38 Island of the Idols Lauren Beck
63%
39 The Amazon Matthew von Ertfelda
63%
45 China, Cambodia Peih-Gee Law
63%
39 South Pacific Albert Destrade
58%
45 Palau, Guatemala Bobby Jon Drinkard
58%
39 Thailand Clay Jordan
58%
50 Kaôh Rōng, Game Changers Debbie Wanner
58%
38 Heroes vs. Healers vs. Hustlers Devon Pinto
58%
39 Fiji Dreamz Herd
58%
39 Edge of Extinction Gavin Whitson
58%
39 Millennials vs. Gen X Hannah Shapiro
58%
39 Palau Katie Gallagher
58%
39 Pearl Islands Lillian Morris
58%
39 Philippines Lisa Whelchel
58%
39 Samoa Mick Trimming
58%
39 San Juan del Sur Missy Payne
58%
38 Gabon, Heroes vs. Villains Randy Bailey
58%
39 Heroes vs. Healers vs. Hustlers Ryan Ulrich
58%
39 Gabon Susie Smith
58%
39 Vanuatu Twila Tanner
58%
37 Millennials vs. Gen X Bret LaBelle
54%
37 Survivor 46, Survivor 50 Charlie Davis
54%
39 Nicaragua Chase Rice
54%
39 Island of the Idols Dean Kowalski
54%
38 Tocantins Erinn Lobdell
54%
37 Survivor 47, Survivor 50 Genevieve Mushaluk
54%
43 Worlds Apart, Game Changers Hali Ford
54%
38 Palau Ian Rosenberger
54%
38 Survivor 48, Survivor 50 Kamilla Karthigesu
54%
39 Ghost Island Laurel Johnson
54%
39 Island of the Idols Noura Salman
54%
39 Caramoan Sherri Biethman
54%
38 Cook Islands Sundra Oakley
54%
37 Tocantins Taj Johnson-George
54%
36 Heroes vs. Healers vs. Hustlers Ashley Nolan
50%
38 Redemption Island Ashley Underwood
50%
38 Samoa Brett Clouser
50%
39 Worlds Apart Carolyn Rivera
50%
39 Fiji Cassandra Franklin
50%
39 One World Chelsea Meissner
50%
37 Pearl Islands Darrah Johnson
50%
39 San Juan del Sur Jaclyn Schultz
50%
36 Vanuatu Julie Berry
50%
39 Edge of Extinction Julie Rosenberg
50%
38 Guatemala Rafe Judkins
50%
37 South Pacific Rick Nelson
50%
38 Worlds Apart Rodney Lavoie Jr
50%
39 One World Sabrina Thompson
50%
39 Nicaragua Sash Lenahan
50%
38 Vanuatu Scout Cloud Lee
50%
37 San Juan del Sur Baylor Wilson
46%
39 The Australian Outback Elisabeth Filarski
46%
37 Thailand Helen Glover
46%
37 Samoa Jaison Robinson
46%
38 Thailand Jan Gentry
46%
38 David vs. Goliath Kara Kay
46%
38 Gabon Matty Whitmore
46%
39 Worlds Apart Will Sims II
46%
38 Ghost Island Angela Perkins
42%
38 Caramoan Eddie Fox III
42%
38 Nicaragua Holly Hoffman
42%
37 Edge of Extinction Lauren O'Connell
42%
37 Guatemala Lydia Morales
42%
37 Marquesas Paschal English
42%
36 The Australian Outback Rodger Bingham
42%
36 Borneo Sean Kenniff
42%
36 Marquesas Sean Rector
42%
37 Fiji Boo Bernis
38%
37 The Amazon Butch Lockley
38%
37 Kaôh Rōng Cydney Gillon
38%
36 Nicaragua Jane Bright
38%
37 Island of the Idols Janet Carbin
38%
37 David vs. Goliath Alison Raybould
33%
36 Pearl Islands Burton Roberts
33%
36 Gabon Crystal Cox
33%
37 Ghost Island Donathan Hurley
33%
36 Redemption Island Grant Matthos
33%
36 Blood vs. Water Hayden Moss
33%
36 Cagayan Trish Hegarty
33%
36 The Amazon Heidi Strobel
29%
35 Worlds Apart, Cambodia Shirin Oskooi
29%
36 One World Tarzan Smith
29%
36 Africa Teresa Cooper
29%
36 Edge of Extinction Victoria Baamonde
29%
36 David vs. Goliath Davie Rickenbacker
25%
36 Millennials vs. Gen X Jay Starrett
25%
35 Edge of Extinction Julia Carter
25%
36 Samoa Shambo Waters
25%
36 Fiji Stacy Kimball
25%
36 Thailand Ted Rogers, Jr.
25%
35 Edge of Extinction Aurora McCreary
21%
36 Palau Caryn Groedel
21%
36 Guatemala Cindy Hall
21%
35 Edge of Extinction Eric Hafemann
21%
35 Ghost Island Kellyn Bechtold
21%
35 Edge of Extinction Reem Daly
21%
35 Edge of Extinction Ron Clark
21%
36 Ghost Island Sebastian Noel
21%
35 Millennials vs. Gen X Sunday Burquest
21%
35 Edge of Extinction Wardog DaSilva
21%
35 Island of the Idols Elaine Stott
17%
No matching quizzes found
Score Distribution
Percent of People with Each Score
Percentile by Number Answered
Your Score History
You have not taken this quiz since the last reset